R v Nelson Group Services (Maintenance) Ltd (Record no. 62231)

MARC details
000 -LEADER
fixed length control field 01137cam a2200193 4500
001 - CONTROL NUMBER
control field X103597
008 - FIXED-LENGTH DATA ELEMENTS--GENERAL INFORMATION
fixed length control field 000000n2000 000 0 eng u
035 ## - SYSTEM CONTROL NUMBER
System control number (Sirsi) u103597
245 ## - TITLE STATEMENT
Title R v Nelson Group Services (Maintenance) Ltd
260 ## - PUBLICATION, DISTRIBUTION, ETC.
Date of publication, distribution, etc. 2000
490 ## - SERIES STATEMENT
Series statement Weekly Law Reports
Volume/sequential designation [1999] 13 August 1999
520 ## - SUMMARY, ETC.
Summary, etc. CA 30 July 1999. Health & safety. Statutory offence. Employer's liability. Employees negligently installing gas appliances. Whether acts or omissions of employees constituting conduct by employer of its undertaking. Whether employer conducting undertaking "so far as is reasonably practicable" to avoid risks to other persons. Whether taking "all reasonable steps" to prevent contravention of safety regulations by employees. Health & Safety at Work etc Act 1974. Gas Safety (Installation and Use) Regulations 1994. TAKEN FROM JOURNAL HEADNOTE.
650 ## - SUBJECT ADDED ENTRY--TOPICAL TERM
Topical term or geographic name entry element R V NELSON GROUP SERVICES (MAINTENANCE) LTD
650 ## - SUBJECT ADDED ENTRY--TOPICAL TERM
Topical term or geographic name entry element HEALTH AND SAFETY AT WORK ETC ACT 1974
650 ## - SUBJECT ADDED ENTRY--TOPICAL TERM
Topical term or geographic name entry element GAS SAFETY (INSTALLATION AND USE) REGULATIONS 1994
650 ## - SUBJECT ADDED ENTRY--TOPICAL TERM
Topical term or geographic name entry element EMPLOYERS LIABILITY
690 ## - LOCAL SUBJECT ADDED ENTRY--TOPICAL TERM (OCLC, RLIN)
Topical term or geographic name as entry element Health and safety
9 (RLIN) 6244
942 ## - ADDED ENTRY ELEMENTS (KOHA)
Suppress in OPAC 0
Holdings
Withdrawn status Lost status Source of classification or shelving scheme Damaged status Not for loan Home library Current library Shelving location Date acquired Total Checkouts Full call number Barcode Date last seen Copy number Price effective from Koha item type
    Dewey Decimal Classification     London London Journal article 14/01/2000   X103597 103597-1001 06/08/2019 1 06/08/2019 Law report